First Ladies by Image - Statistics

General Stats
  • This quiz has been taken 109 times
  • The average score is 12 of 15
Answer Stats
Picture Answer % Correct
Jackie Kennedy
100%
Michelle Obama
100%
Jill Biden
96%
Melania Trump
96%
Martha Washington
94%
Nancy Reagan
94%
Eleanor Roosevelt
92%
Hillary Clinton
92%
Mamie Eisenhower
84%
Rosalynn Carter
84%
Mary Todd Lincoln
82%
Dolley Madison
71%
Bess Truman
64%
Julia Tyler
48%
Anna Harrison
44%
No matching quizzes found
Score Distribution
Percent of People with Each Score
Percentile by Number Answered
Your Score History
You have not taken this quiz